| 000 | 00961nam a2200253Ia 4500 | ||
|---|---|---|---|
| 003 | GCL | ||
| 008 | 140319s9999 xx 000 0 ara d | ||
| 040 |
_aGCL / _cGCL |
||
| 082 | 0 | 4 |
_a025.52 _bغ م |
| 100 | 1 | _aغالب عوض النوايسة | |
| 245 | 1 | 0 |
_aالمراجع والخدمة المرجعية فى المكتبات ومراكز المعلومات واتجاهاتها الحديثة / _cغالب عوض النوايسة |
| 250 | _aالاولى | ||
| 260 |
_aالاردن : _bدار صفاء للنشر والتوزيع ، _c2003 |
||
| 300 |
_a293 ص ؛ _c24 سم |
||
| 650 | 0 | 4 | _aالمراجع المتخصصة |
| 650 | 0 | 4 | _aنظم المعلومات |
| 650 | 0 | 4 | _aالخدمة المكتبية |
| 650 | 0 | 4 | _aالارشاد المرجعى |
| 650 | 0 | 4 | _aالكتب السنوية |
| 650 | 0 | 4 | _aالمراجع العربية |
| 650 | 0 | 4 | _aالمكتبات - برامج الحاسبات |
| 650 | 0 | 4 | _aالإنترنت |
| 942 |
_2ddc _cBK |
||
| 999 |
_c8430 _d8430 |
||